000 01381nam a2200349 a 4500
001 ebr10417543
003 CaPaEBR
006 m u
007 cr cn|||||||||
008 100504s2010 ne a sb 001 0 eng d
010 _z 2010018680
020 _z9789027208200 (alk. paper)
020 _z9789027288011 (e-book)
040 _aCaPaEBR
_cCaPaEBR
035 _a(OCoLC)673625085
050 1 4 _aP291
_b.E98 2010eb
082 0 4 _a415
_222
245 0 0 _aExploring crash-proof grammars
_h[electronic resource] /
_cedited by Michael T. Putnam.
260 _aAmsterdam ;
_aPhiladelphia :
_bJohn Benjamins Pub. Company,
_c2010.
300 _axii, 301 p. :
_bill.
490 1 _aLanguage faculty and beyond ;
_vv. 3
504 _aIncludes bibliographical references and index.
533 _aElectronic reproduction.
_bPalo Alto, Calif. :
_cebrary,
_d2011.
_nAvailable via World Wide Web.
_nAccess may be limited to ebrary affiliated libraries.
650 0 _aGrammar, Comparative and general
_xSyntax.
650 0 _aGenerative grammar.
650 0 _aMinimalist theory (Linguistics)
655 7 _aElectronic books.
_2local
700 1 _aPutnam, Michael T.
710 2 _aebrary, Inc.
830 0 _aLanguage faculty and beyond ;
_vv. 3.
856 4 0 _uhttp://site.ebrary.com/lib/rucke/Doc?id=10417543
_zAn electronic book accessible through the World Wide Web; click to view
999 _c84606
_d84606